Lenguaje y comunicación

Kaydedildi:
Detaylı Bibliyografya
Müşterek Yazar: UNESCO (Yazar)
Materyal Türü: Kitap
Dil:İspanyolca
Baskı/Yayın Bilgisi: Santiago UNESCO 2004
Edisyon:1a. ed
Seri Bilgileri:Colección Cuadernos de Ejercicios para la Enseñanza de los Derechos Humanos, 2
Konular:
Etiketler: Etiketle
Etiket eklenmemiş, İlk siz ekleyin!

MARC

LEADER 00000nam a2200000 a 4500
001 UCK1741
003 CL-VaPUC
008 041126e20040900CL |||||||||||||||||spa|d
020 |a 9568302255 
082 0 4 |a 370.115  |b UNE  |2 21 
110 2 |a UNESCO  |e author  |9 489590 
245 1 0 |a Lenguaje y comunicación 
250 |a 1a. ed 
300 |a 20 p 
942 |c BK 
945 |d 20041126 00:00:00  |a vberengu 
260 |a Santiago  |b UNESCO  |c 2004 
650 0 |a Derechos humanos  |9 223025 
650 0 |a Derechos fundamentales   |9 254841 
650 7 |a DERECHOS HUMANOS - ENSEÑANZA  |2 CL-VaPUC  |9 489591 
650 0 |a Métodos de enseñanza  |9 270413 
650 0 |a Derechos civiles  |9 255655 
583 |a last modification  |c 20041126 00:00:00  |k Rodrigo Vera 
490 0 |a Colección Cuadernos de Ejercicios para la Enseñanza de los Derechos Humanos, 2 
999 |c 311554  |d 311552 
952 |0 0  |1 0  |4 0  |6 370_115000000000000_UNE_2004  |7 0  |8 A  |9 381014  |a FDOPOS  |b FDOPOS  |d 2019-11-21  |i 4082508  |o 370.115 UNE 2004  |p 4082508  |r 2023-08-09  |w 2019-11-21  |y BK  |k MLA